De la vida feliz / (Record no. 16681)

000 -CABECERA
fixed length control field 00852nam a22002297a 4500
003 - IDENTIFICADOR DEL NÚMERO DE CONTROL
control field AR-CdUCM
008 - DATOS DE LONGITUD FIJA--INFORMACIÓN GENERAL
fixed length control field 190504b ||||| |||| 00| 0 spa d
040 ## - FUENTE DE LA CATALOGACIÓN
Agencia/entidad que catalogó originalmente la obra MUNICIPALIDAD PROVINCIAL DEL CUSCO
Entidad que transcribió la catalogación BIBLIOTECA MUNICIPAL DEL CUSCO
082 ## - NÚMERO DE LA CLASIFICACIÓN DECIMAL DEWEY
No. de la edición 3ed.
No. de Clasificación 119.22 /
Notacion interna A31
100 ## - ENTRADA PRINCIPAL--NOMBRE DE PERSONA
Nombre Personal San Agustín
245 ## - MENCIÓN DE TÍTULO
Título De la vida feliz /
260 ## - PUBLICACIÓN, DISTRIBUCIÓN, ETC.
Lugar de publicación, distribución, etc. Buenos Aires :
Nombre de la editorial, distribuidor, etc. Aguilar,
Fecha de publicación, distribución, etc. 1963.
300 ## - DESCRIPCIÓN FÍSICA
Nº de Páginas Extensión 94 páginas ;
Dimensiones 16 cm.
440 ## - MENCIÓN DE SERIE/PUNTO DE ACCESO ADICIONAL--TÍTULO
Título Biblioteca de iniciación filosófica ;
Número de la parte/sección de una obra 30
9 (RLIN) 36262
505 ## - NOTA DE CONTENIDO CON FORMATO
Nota de contenido formateada Contenido: Prefacio -- Disputa del primer día, constamos de alma y cuerpo -- Quien posee a dios de tal modo que sea feliz -- Discusión del tercer día...
650 ## - PUNTO DE ACCESO ADICIONAL DE MATERIA--TÉRMINO DE MATERIA
Descriptor Teología
9 (RLIN) 3537
650 ## - PUNTO DE ACCESO ADICIONAL DE MATERIA--TÉRMINO DE MATERIA
Descriptor Vida cristiana
9 (RLIN) 36263
700 ## - PUNTO DE ACCESO ADICIONAL--NOMBRE DE PERSONA
Nombre Personal Herrera Bienes, Ángel (traductor)
9 (RLIN) 36264
942 ## - ELEMENTOS DE PUNTO DE ACCESO ADICIONAL (KOHA)
Fuente de clasificación
Tipo de item Libros-BMC
945 ## - PROCESAMIENTO DE INFORMACIÓN LOCAL (OCLC)
Catalogador acv
AAAA-MM-DD - Fecha de ingreso o modificacion 2019-05-04
Holdings
Estado de retiro (separado) Fuente de clasificación o esquema de estanterías Estado dañado Ubicación Sala donde se ubica Nombre de la colección Fecha de adquisición o compra Costo, precio normal en soles Signatura topográfica Código de Barras Última vez visto (Koha) Tipo de ítem (Koha)
No     Sala Humanidades Sala Humanidades Book Cart 2019-05-04 20.00 119.22 / A31 SH0000011787 2019-05-04 Libros-BMC

Powered by Koha